000 01297cam a22003497a 4500
999 _c30699
_d30699
001 16932116
005 20201006143346.0
008 110823s2012 njua b 001 0 eng
010 _a 2011937225
_z 2007932996
015 _aGBA852662
_2bnb
016 7 _a014576157
_2Uk
020 _a9781934115060 (hbk.)
020 _a1934115061 (hbk.)
035 _a(OCoLC)ocn220010075
040 _aUKM
_cUKM
_dBTCTA
_dYDXCP
_dBAKER
_dOCLCG
_dTXI
_dDLC
042 _alccopycat
050 0 0 _aRA1057.K43 2012
100 1 _aKhan, JaVed I.
245 1 0 _aBasic principles of forensic chemistry /
_cJaVed I. Khan, Thomas J. Kennedy, Donnell R. Christian, Jr.
260 _a[Totowa, N.J.] :
_bHumana ;
_aNew York :
_bSpringer [distributor],
_cc2012.
300 _axxii, 353 p. :
_bill. (some col.) ;
_c28 cm.
504 _aIncludes bibliographical references and index.
650 0 _aChemistry, Forensic.
650 0 _aForensic pharmacology.
650 0 _aDrugs
_xAnalysis.
700 1 _aChristian, Donnell R.
700 1 _aKennedy, Thomas J.,
_cBSc.
906 _a7
_bcbc
_ccopycat
_d2
_encip
_f20
_gy-gencatlg
942 _2lcc
_cBOOKS
_hRA1057.K43 2012